000 00518nam a2200169 a 4500
001 000031244
005 20200930062810.0
008 110615s1938 dr r 000 p spa d
040 _aDO-SdBNP
_bspa
_cBNPHU
082 _aRD861.44
_bP438s
100 1 _aPérez Cabral,
_d1914-
_957714
245 1 0 _aDel suelo /
_cPérez Cabral.
260 _aSan Pedro de Macorís, República Dominicana :
_bEsfuerzo,
_c1938.
300 _a68 p. ;
_c21 cm.
590 _aInventariado, 2018/ YL
910 _aValidado. Control de calidad MFF
999 _c30736
_d30736